| 000 | 00757nam a22002417a 4500 | ||
|---|---|---|---|
| 999 |
_c133529 _d133529 |
||
| 003 | dpl | ||
| 005 | 20190128162820.0 | ||
| 008 | 180613b xxu||||| |||| 00| 0 eng d | ||
| 010 | _aB-219010 | ||
| 020 |
_c95.00 _a8183820204 |
||
| 035 | _aB-219010, B-219035,B-219017, B-219037 | ||
| 037 | _bCen Lib/Ret | ||
| 040 |
_aDPL _bEN _c0 |
||
| 082 |
_a658.5 _bSAM |
||
| 100 |
_aSamuel, Philip J. _938190 |
||
| 245 |
_aHow to manufacture my products / _cby Philip J. Samuel |
||
| 260 |
_aNew Delhi _bLotus Press _c2006 |
||
| 270 |
_a4263/3, Ansari Road _bNew Delhi _e110002 |
||
| 300 |
_a113p. : _c19cm(pbk) _bill. |
||
| 650 |
_aManufacture -- products _938191 |
||
| 650 |
_aManufacturing -- strategies _938192 |
||
| 942 |
_2ddc _cEN _h658.5 _mSAM |
||